000 00395nam a22001577a 4500
003 MPLRDC
005 20220104143431.0
008 210129b ||||| |||| 00| 0 eng d
082 _a337.1 FZY c.2
100 _a冯藻英编著
245 _a电子控制技术
_c
260 _a
_b香港万里书店
_c1980
300 _b
650 _a电子学; 电子物理学
942 _cBK
_o337.1 FZY c.2
999 _c39861
_d39851